Von Ost nach West! - Statistiken

Allgemein
  • Dieses Quiz wurde 296 mal gespielt
    291 seit der letzten Aktualisierung
  • Das Durchschnittsergebnis liegt bei 19 aus 22
Antwortstatistiken
Antwort % Korrekt
China
97%
Nordkorea
95%
Frankreich
92%
Spanien
92%
Schweiz
91%
Österreich
89%
Slowenien
89%
Türkei
89%
Andorra
88%
Griechenland
88%
Indien
87%
Iran
87%
Italien
87%
Kroatien
87%
Liechtenstein
87%
Bosnien und Herzegowina
86%
Irak
86%
Syrien
86%
Albanien
85%
Montenegro
85%
Pakistan
85%
Nepal
80%
Keine übereinstimmenden Quizze gefunden
Verteilung der Resultate
Anzahl Personen mit jedem Resultat
Perzentil nach korrekt beantworteten Fragen
Ihre Resultats-Entwicklung
Sie haben dieses Quiz seit der letzten Aktualisierung nicht gespielt